National Anthem of Poland - ''Mazurek Dąbrowskiego'' - Statistics

General Stats
  • This quiz has been taken 33 times
  • The average score is 47 of 87
Answer Stats
Answer % Correct
Jeszcze
96%
Polska
91%
nie
87%
Dąbrowski,
78%
Marsz,
78%
marsz,
78%
zginęła,
78%
my
74%
z
74%
Co
70%
kiedy
70%
nam
70%
obca
70%
odbierzemy.
70%
przemoc
70%
szablą
70%
wzięła,
70%
ziemi
70%
żyjemy.
70%
do
65%
Polski:
65%
przewodem,
65%
się
65%
twoim
65%
włoskiej
65%
za
65%
narodem.
61%
z
61%
złączym
61%
Dąbrowski,
57%
do
57%
Marsz,
57%
marsz,
57%
narodem.
57%
Polski:
57%
przewodem,
57%
twoim
57%
włoskiej
57%
za
57%
będziem
52%
Polakami.
52%
Przejdziem
52%
przejdziem
52%
się
52%
Wartę,
52%
Wisłę,
52%
z
52%
z
52%
ziemi
52%
Bonaparte,
48%
Dał
48%
Marsz,
48%
marsz,
48%
nam
48%
przykład
48%
złączym
48%
Dąbrowski,
43%
do
43%
jak
43%
mamy.
43%
narodem.
43%
Polski:
43%
przewodem,
43%
się
43%
twoim
43%
włoskiej
43%
z
43%
z
43%
za
43%
ziemi
43%
złączym
43%
zwyciężać
43%
Marsz,
39%
Dąbrowski,
35%
do
35%
marsz,
35%
Polski:
35%
twoim
35%
włoskiej
35%
z
35%
za
35%
ziemi
35%
narodem.
30%
przewodem,
30%
się
30%
z
30%
złączym
30%
No matching quizzes found
Score Distribution
Percent of People with Each Score
Percentile by Number Answered
Your Score History
You have not taken this quiz